Thank You For Calling... Quiz Stats

 Plays Quiz Updated Oct 31, 2018

Challenge
Share
Tweet
Embed
Score 0/20 Timer 05:00
8 Plays Today
Receptionist dialogue Company % Correct
Thank you for calling _____. Would you like fries with this?McDonalds
92.4%
Thank you for calling _____. Please iHold and our iTeam will be iWith you in an iMoment.Apple
91.8%
Thank you for calling _____. No, we can't explain why Goofy wears pants and Pluto doesn't.Disney
90.9%
Thank you for calling _____. Based on your search terms, we already know why you're calling.Google
87.5%
Thank you for calling _____. Can you hear me now?Verizon Communications
85.3%
Thank you for calling _____. Bidding on this call ends in 1:47:03. You are currently the high bidder.eBay
81%
Thank you for calling _____. We're really, seriously, quite sorry about VistaMicrosoft
77.3%
Thank you for calling _____. Some things are priceless. This call is costing you $4.99 a minute.Mastercard
70.9%
Thank you for calling _____. Brown says, you're going to be on hold for a while.UPS
51.1%
Thank you for calling _____. Remember, this oil spill WASN'T our faultExxon Mobil
49.6%
Receptionist dialogue Company % Correct
Thank you for calling _____. For Henry, press 1. For Edsel, press 2. For William Clay, press 3.Ford
47.6%
Thank you for calling _____. No, Watson will not be going on Wheel of Fortune any time soon.IBM
46.8%
Thank you for calling _____. You are now free to move about our directorySouthwest
46.7%
Thank you for calling _____. Please choose from among these 57 options...Heinz
46.4%
Thank you for calling _____. May I connect you to anywhere you want to be?Visa
41.1%
Thank you for calling _____. Have you tried our new Viagra coffee, Viagra ice cream and Viagra cough drops?Pfizer
33.1%
Thank you for calling _____. All of our executives are currently hunting with Mr. Cheney.Halliburton
20.7%
Thank you for calling _____, the choice of 2 1/2 generations ago.Pepsi
16.9%
Thank you for calling _____. _____ calling!Avon
12.3%
Thank you for calling _____. Thank you for calling _____. Thank you for calling _____.Xerox
5.3%

You're not logged in!

Compare scores with friends on all Sporcle quizzes.
OR
Log In

You Might Also Like...

Show Comments

Extras

Top Quizzes Today


Score Distribution

Your Account Isn't Verified!

In order to create a playlist on Sporcle, you need to verify the email address you used during registration. Go to your Sporcle Settings to finish the process.

Report this User

Report this user for behavior that violates our Community Guidelines.

Details: